Upper Limb Origin/Insertion/Function - Statistics

General Stats
  • This quiz has been taken 7 times
  • The average score is 28 of 75
Answer Stats
Hint Answer % Correct
Pronator Teres Function Pronation of forearm
100%
Abductor Pollicis Longus Function Abduction of the thumb
50%
Pectoralis Major Function Adduction, Medial Rotation, Flexion of humerus at GH
50%
Brachialis Origin Anterior aspect of humerus
50%
Flexor Pollicis Longus Origin Anterior distal radius shaft
50%
Biceps Brachii Short Head Origin Coracoid process
50%
Deltoid Insertion Deltoid tuberosity of humerus
50%
Extensor Pollicis Longus Insertion Dorsal surface of digit I (pollicis)
50%
Extensor Digitorum Insertion Dorsal surface of digits II-V
50%
Abductor Pollicis Longus Insertion Dorsolateral surface of digit I (pollicis)
50%
Triceps Brachii Function Elbow extension
50%
Brachioradialis Function Elbow flexion
50%
Brachialis Function Elbow flexion
50%
Biceps Brachii Function Elbow flexion and forearm supination
50%
Extensor Digitorum Function Extension of digits II-V
50%
Palmaris Longus Insertion Fascia in palm of hand
50%
Flexor Digitorum Function Flexion of digits II-V
50%
Triceps Brachii Long Head Origin infraglenoid tubercle
50%
Pectoralis Major Insertion Intertubercular groove (humerus)
50%
Brachioradialis Insertion Lateral/ Distal radius
50%
Brachioradialis Origin Lateral edge of distal humerus
50%
Extensor Carpi Radialis Origin Lateral epicondyle humerus
50%
Extensor Digitorum Origin Lateral epicondyle humerus
50%
Extensor Carpi Ulnaris Origin Lateral epicondyle humerus
50%
Pronator Teres Insertion Lateral midshaft of radius
50%
Pectoralis Major Origin Medial clavicle and Sternum and costal cartilages I-VII
50%
Pronator Teres Origin Medial epicondyle of humerus
50%
Flexor Carpi Radialis Origin Medial epicondyle of humerus
50%
Palmaris Longus Origin Medial epicondyle of humerus
50%
Flexor Carpi Ulnaris Origin Medial epicondyle of humerus
50%
Flexor Digitorum Origin Medial epicondyle of humerus
50%
Extensor Carpi Radialis Insertion Metacarpals II and III (dorsal surface)
50%
Flexor Carpi Radialis Insertion Metacarpals II and III (palmar surface)
50%
Extensor Carpi Ulnaris Insertion Metacarpal V (dorsal surface)
50%
Flexor Carpi Ulnaris Insertion Metacarpal V (palmar surface)
50%
Triceps Brachii Insertion olecranon
50%
Flexor Digitorum Insertion Palmar surface of digits II-V
50%
Flexor Pollicis Longus Insertion Palmar surface of pollicis
50%
Triceps Brachii Lateral Head Origin Posterior surface of humeru
50%
Triceps Brachii Medial Head Origin Posterior surface of humerus
50%
Abductor Pollicis Longus Origin Posterior surfaces of radius and ulna
50%
Extensor Pollicis Longus Origin Posterior ulnar surface
50%
Biceps Brachii Insertion Radial tuberosity
50%
Deltoid Function Shoulder abduction and flexion and extension
50%
Deltoid Origin Spine of Scapula and Acromion and Lateral clavicle
50%
Biceps Brachii Long Head Origin Supraglenoid tubercle
50%
Extensor Pollicis Longus Function Thumb extension
50%
Flexor Pollicis Longus Function Thumb flexion
50%
Brachialis Insertion Tuberosity of ulna
50%
Extensor Carpi Radialis Function Wrist Extension and Wrist Abduction
50%
Extensor Carpi Ulnaris Function Wrist Extension and Wrist adduction
50%
Palmaris Longus Function wrist flexion
50%
Flexor Carpi Radialis Function Wrist Flexion and Wrist Abduction
50%
Flexor Carpi Ulnaris Function Wrist Flexion and Wrist Adduction
50%
Supraspinatus Function Abduction of humerus
0%
Pectoralis Minor Insertion Coracoid process of Scapula
0%
Pectoralis Minor Function Depress scapula
0%
Latissimus Dorsi Function Extends and adducts and medially rotates humerus
0%
Supraspinatus Insertion Greater tubercle of humerus
0%
Infraspinatus Insertion Greater tubercle of humerus
0%
Teres Minor Insertion Greater tubercle of humerus
0%
Infraspinatus Origin Infraspinous fossa of scapula
0%
Latissimus Dorsi Insertion Intertubercular groove of humerus
0%
Teres Minor Origin Lateral border of scapula
0%
Teres Minor Function Lateral rotation of arm
0%
Infraspinatus Function Lateral rotation of humerus
0%
Subscapularis Insertion Lesser tubercle of humerus
0%
Serratus Anterior Insertion Medial border of scapula
0%
Subscapularis Function Medial rotation of arm
0%
Serratus Anterior Function Protraction of scapula
0%
Pectoralis Minor Origin Ribs III to V
0%
Latissimus Dorsi Origin Sacrum and Iliac crest and Spinous process of lumbar vertebrae and Thoracolumbar fascia and Lower ribs
0%
Subscapularis Origin Subscapular fossa of scapula
0%
Supraspinatus Origin Supraspinous fossa of scapula
0%
Serratus Anterior Origin Upper 9 ribs
0%
No matching quizzes found
Score Distribution
Percent of People with Each Score
Percentile by Number Answered
Your Score History
You have not taken this quiz